Estatísticas para Capitais da Argentina

Clique aqui para jogar o quiz

Estatísticas Gerais

  • Esse quiz foi jogado 16 vezes
  • A pontuação média é 14 de 24

Estatísticas das Respostas

ProvínciaCapital% Correto
Capital FederalCidade Autônoma de Buenos Aires
94%
CórdobaCórdoba
88%
MendozaMendoza
88%
Santa FeSanta Fe
81%
SaltaSalta
75%
TucumánSan Miguel de Tucumán
75%
San LuísSan Luís
75%
JujuySan Salvador de Jujuy
75%
San JuanSan Juan
75%
CorrientesCorrientes
69%
FormosaFormosa
69%
La PampaSanta Rosa
69%
La RiojaLa Rioja
63%
CatamarcaSan Fernando del Valle de Catamarca
63%
NeuquénNeuquén
63%
Buenos AiresLa Plata
56%
Entre RíosParaná
50%
Tierra del FuegoUshuaia
50%
Santiago del EsteroSantiago del Estero
44%
ChacoResistencia
31%
Río NegroViedma
25%
MisionesPosadas
25%
Santa CruzRío Gallegos
19%
ChubutRawson
13%

Distribuição das Pontuações

Percentil de Números Respondidos

Porcentagem de Pessoas com Cada Pontuação

Sua Pontuação Histórica

Você não jogou esse quiz